| 000 | 00682cam a22002413a 4500 | ||
|---|---|---|---|
| 001 | 1979 | ||
| 003 | PGUSA | ||
| 005 | 20140828083009.0 | ||
| 008 | 991101s1999||||xxu|||||s|||||000 | eng d | ||
| 040 |
_aPGUSA _beng |
||
| 042 | _adc | ||
| 050 | 4 | _aTX | |
| 100 | 1 | _aPerdue, Mitzi | |
| 245 | 1 | 4 |
_aThe Perdue Chicken Cookbook _h[electronic resource] / _cMitzi Perdue |
| 260 |
_bProject Gutenberg, _c1999 |
||
| 506 | _aCopyrighted. Read the copyright notice inside this book for details. | ||
| 516 | _aElectronic text | ||
| 653 | _aCookbooks | ||
| 653 | _aCooking (Chicken) | ||
| 830 | 0 |
_aProject Gutenberg _v1979 |
|
| 856 | 4 | 0 | _uhttp://www.gutenberg.org/ebooks/1979 |
| 942 | _cEB | ||
| 999 |
_c231320 _d231320 |
||